| 000 | 00759nam a22002057a 4500 | ||
|---|---|---|---|
| 999 |
_c7267 _d7267 |
||
| 003 | AR-CdUCM | ||
| 008 | 190320b ||||| |||| 00| 0 spa d | ||
| 020 | _a84-7093-133-4 | ||
| 040 |
_aMUNICIPALIDAD PROVINCIAL DEL CUSCO _cBIBLIOTECA MUNICIPAL DEL CUSCO |
||
| 082 |
_218ed. _a540 / _bF31 |
||
| 100 |
_aFebrer Canals, M. A. _920480 |
||
| 245 | _aAtlas de química / | ||
| 260 |
_aBarcelona : _bJover, _c1980. |
||
| 300 |
_a82 páginas ; _bIlustraciones, _c20 cm. |
||
| 505 | _aMateria y energía -- Leyes de los gases -- Constitución de los átomos -- Intercambio de energía entre radiación electromagnética y materia -- Electrones, orbitales atómicos ... | ||
| 650 |
_aQuímica _94512 |
||
| 650 |
_aAtlas _93723 |
||
| 942 |
_2ddc _cLIBROS |
||
| 945 | _aacv | ||